000 00556nam a22001937a 4500
005 20241213144937.0
010 _aB-761453
020 _a9788119160242
_c195.00
035 _aB-761453
037 _bGift
082 _aS
100 _aKipling, Rudyard
_975160
245 _aThe Jungle Book/
_cRudyard Kipling
260 _aNew Delhi
_c202?
_bAne Books
270 _a4821, Parwana Bhawan, 24, Ansari Road
_bNew Delhi
_e110002
300 _a26p.
_bcol.ill
_c22cm(Hb)
942 _2ddc
_cCH
_mKIP
_hS
999 _c207691
_d207691